Intellectual property rights and communication / (Record no. 170363)
[ view plain ]
| 000 -LEADER | |
|---|---|
| fixed length control field | 00772nam a22002177a 4500 |
| 005 - DATE AND TIME OF LATEST TRANSACTION | |
| control field | 20191213143219.0 |
| 010 ## - LCCN (DPL NO) | |
| LC control number | ENG-127129 |
| 020 ## - INTERNATIONAL STANDARD BOOK NUMBER | |
| Terms of availability | 1150.00 |
| International Standard Book Number | 9789388881104 |
| 035 ## - SYSTEM CONTROL NUMBER | |
| System control number | EN-110661 |
| 037 ## - SOURCE OF ACQUISITION | |
| Source of stock number/acquisition | DBAD/PUB |
| 082 ## - DEWEY DECIMAL CLASSIFICATION NUMBER | |
| Classification number | 346.7 |
| 245 ## - TITLE STATEMENT | |
| Title | Intellectual property rights and communication / |
| Statement of responsibility, etc | ed.by K.V.Nagaraj, Deepak Upadhyaya [and] Sayantani Roy |
| 260 ## - PUBLICATION, DISTRIBUTION, ETC. (IMPRINT) | |
| Place of publication, distribution, etc | Assam |
| Name of publisher, distributor, etc | EBH Publishers (an imprint of Eastern book House ) |
| Date of publication, distribution, etc | 2019 |
| 270 ## - ADDRESS | |
| Address | 136, M.L.Nehru Road, Panbazar |
| City | Guwahati |
| Postal code | 781001 |
| Telephone number | 2513876 |
| Electronic mail address | easternbookhouse.in |
| 300 ## - PHYSICAL DESCRIPTION | |
| Extent | xxiv;238p. |
| Dimensions | 23cm(Hb) |
| 500 ## - GENERAL NOTE | |
| General note | Includes bibliographical references and index |
| 700 ## - ADDED ENTRY--PERSONAL NAME | |
| Personal name | Nagaraj, K.V. |
| 700 ## - ADDED ENTRY--PERSONAL NAME | |
| Personal name | Upadhyaya, Deepak |
| 700 ## - ADDED ENTRY--PERSONAL NAME | |
| Personal name | Roy, Sayantani |
| 942 ## - ADDED ENTRY ELEMENTS (KOHA) | |
| Source of classification or shelving scheme | Dewey Decimal Classification |
| Item type | English Books |
| Classification part | 346.7 |
| Call number suffix | INT |
| Withdrawn status | Lost status | Not for loan | Collection code | Home library | Current library | Date acquired | Source of acquisition | Cost, normal purchase price | Full call number | Barcode | Copy number | Cost, replacement price | Koha item type |
|---|---|---|---|---|---|---|---|---|---|---|---|---|---|
| Non-fiction | Sarojini Nagar | Sarojini Nagar | 13/12/2019 | DBAD/PUB | 1150.00 | 346.7 INT | EN-110661 | 1 | 1150.00 | English Books |
